000 00763nam a2200229 a 4500
001 000080964
003 AM-YEHGA
005 20250617121847.0
008 990915s1972 ru ||||| |||| 00| 0 rus d
040 _aAM-YeHGA
041 0 _arus
245 0 0 _aГидрогеология и геотектоника среднего Поволжья и Енисейского кряжа /
_cРед. С.Г. Каштанов.
260 0 _aКазань :
_bКазанского ун-та,
_c1972.
300 _a115 с.
650 1 4 _aГеотектоника
650 1 4 _aГидрогеология
650 1 4 _aЕнисейский кряж
650 4 _aПоволжье
700 1 0 _aКаштанов, С. Г.
_eред.
_4edt
942 _2udc
_cBK
090 _c25286
999 _c24988
_d24988